|
|
|
|
| LEADER |
02357nam a2200349 a 4500 |
| 001 |
39377575 |
| 008 |
090810s1998 enk b 000 0 eng d |
| 010 |
|
|
|a \\\79312842
|
| 020 |
|
|
|a 0194372138
|a 9780194372138
|
| 040 |
|
|
|a QU
|c IQU
|d XFF
|
| 082 |
0 |
0 |
|a 401/.9
|2 19
|
| 999 |
|
|
|c 10555
|d 10555
|
| 999 |
|
|
|c 10555
|
| 100 |
1 |
|
|a Scovel, Thomas,
|d 1939-
|9 1731
|
| 245 |
1 |
0 |
|a Psycholinguistics /
|c Thomas Scovel.
|
| 260 |
|
|
|a Oxford ;
|a New York :
|b Oxford University Press,
|c 1998.
|
| 300 |
|
|
|a xiii, 135 p. ;
|c 20 cm.
|
| 490 |
0 |
|
|a Oxford introductions to language study
|
| 504 |
|
|
|a Includes bibliographical references (p. 115-121).
|
| 541 |
1 |
|
|e 00014550
|
| 650 |
|
0 |
|a Language acquisition.
|9 1732
|
| 650 |
|
0 |
|a Reading.
|9 1733
|
| 852 |
4 |
|
|a Ayesha Abed Library
|c General shelf
|
| 942 |
|
|
|2 ddc
|c BK
|
| 952 |
|
|
|0 0
|1 0
|2 ddc
|4 0
|6 401_900000000000000_SCO
|7 0
|9 14716
|a BRACUL
|b BRACUL
|c GEN
|d 2011-03-16
|l 8
|m 75
|o 401.9 SCO
|p 3010014551
|r 2026-05-18
|s 2026-05-10
|t 2
|w 2011-03-16
|y BK
|
| 952 |
|
|
|0 0
|1 0
|2 ddc
|4 0
|6 401_900000000000000_SCO
|7 0
|9 14717
|a BRACUL
|b BRACUL
|c GEN
|d 2011-03-16
|e Trust Line International
|g 2852.30
|l 11
|m 61
|o 401.9 SCO
|p 3010022041
|r 2025-05-05
|s 2025-04-06
|t 3
|w 2011-03-16
|y BK
|
| 952 |
|
|
|0 0
|1 0
|2 ddc
|4 0
|6 401_900000000000000_SCO
|7 0
|9 14718
|a BRACUL
|b BRACUL
|c GEN
|d 2011-03-16
|e Trust Line International
|g 2852.30
|l 11
|m 58
|o 401.9 SCO
|p 3010022040
|r 2025-06-18
|s 2025-05-18
|t 4
|w 2011-03-16
|y BK
|
| 952 |
|
|
|0 0
|1 0
|2 ddc
|4 0
|6 401_900000000000000_SCO
|7 0
|9 14719
|a BRACUL
|b BRACUL
|c GEN
|d 2011-03-16
|e Trust Line International
|g 2852.30
|l 10
|m 75
|o 401.9 SCO
|p 3010022039
|r 2024-10-23
|s 2024-06-09
|t 5
|w 2011-03-16
|y BK
|
| 952 |
|
|
|0 0
|1 0
|2 ddc
|4 0
|6 401_900000000000000_SCO
|7 0
|9 14720
|a BRACUL
|b BRACUL
|c GEN
|d 2011-03-16
|e Trust Line International
|g 2852.30
|l 9
|m 43
|o 401.9 SCO
|p 3010022038
|r 2026-01-17
|s 2025-11-20
|t 6
|w 2011-03-16
|y BK
|
| 952 |
|
|
|0 0
|1 0
|2 ddc
|4 0
|6 401_900000000000000_SCO
|7 0
|9 14721
|a BRACUL
|b BRACUL
|c GEN
|d 2011-03-16
|e Trust Line International
|g 2852.30
|l 15
|m 82
|o 401.9 SCO
|p 3010022042
|r 2026-01-15
|s 2025-10-14
|t 7
|w 2011-03-16
|y BK
|
| 952 |
|
|
|0 0
|1 0
|2 ddc
|4 0
|6 401_900000000000000_SCO
|7 0
|9 19321
|a BRACUL
|b BRACUL
|c GEN
|d 2012-01-26
|e Karim International
|g 1425.00
|l 11
|m 105
|o 401.9 SCO
|p 3010024367
|r 2024-10-26
|s 2024-06-08
|t 8
|w 2012-01-26
|y BK
|
| 952 |
|
|
|0 0
|1 0
|2 ddc
|4 0
|6 401_900000000000000_SCO
|7 0
|9 20735
|a BRACUL
|b BRACUL
|c GEN
|d 2012-07-17
|l 5
|m 47
|o 401.9 SCO
|p 3010014550
|r 2024-10-04
|s 2024-06-08
|t 1
|w 2012-07-17
|y BK
|